Родопа е предел (Запис номер 348751)
[ съкратено ]
| 000 -Лидер | |
|---|---|
| Контролно поле с фиксирана дължина | nam a22 a 4500 |
| 003 - Код на организацията, давaща контролен номер | |
| Контролно поле | BLK |
| 005 - Дата и час на последна редакция | |
| Контролно поле | 20200908132310.0 |
| 008 - Елементи от данни с фиксирана дължина | |
| fixed length control field | 200224b bu |||||r|||| 00| | bu d |
| 020 ## - Международен стандартен номер на книга ISBN | |
| Международен стандартен номер на книга ISBN | 9789543781676 |
| 040 ## - Източник на каталожния запис | |
| Идентификатор на билиотеката - собственик на записа | BLK |
| 041 ## - Код за език | |
| Код за езика на текст/звукозапис или на отделно заглавие | Български |
| Код за езика КДБФ | Български |
| 080 ## - УДК | |
| Текстов определител УДК | Национални малцинства. Оптанти |
| УДК код - определител по УДК | 323.15 |
| УДК определител | (497.2)(0:82-92) |
| УДК - код + определител | 323.15(497.2)(0:82-92) |
| 080 ## - УДК | |
| Текстов определител УДК | Българска литература |
| УДК код - определител по УДК | 821.163.2 |
| УДК определител | -92 |
| УДК - код + определител | 821.163.2-92 |
| 100 ## - Редна дума - Автор | |
| R(LIN) | 269308 |
| Автор | Алекова, Елена |
| Авторска отговорност | първи автор |
| 139 ## - Редно поле | |
| Редна дума | Алекова, Елена |
| Авторски знак | Але - А 50 |
| 245 ## - Сведения за заглавието | |
| Заглавие | Родопа е предел |
| Редно поле (дума) | Елена Алекова ; встъп. думи Георги Марков. |
| Подзаглавни данни | Публицистика |
| 260 ## - Област на издателските данни | |
| 9 (RLIN) | 390817 |
| Място на издаване, разпространение и проч. | София |
| Име на издателя, разпространителя и проч. | ИК Тангра ТанНакРа |
| Година на издаване | 2019 |
| Печатница | Костинброд : Мултипринт ООД |
| 300 ## - Физическа характеристика | |
| Страници | 464 с. |
| Размери/Мащаб | 24 см |
| 380 ## - Жанр | |
| Жанр | Обществени науки |
| 490 ## - СЕРИИ (Колекции) | |
| 9 (RLIN) | 207530 |
| Име на серия | Поредица Дружба Родина |
| 500 ## - Общи забележки | |
| Забележка | Пълната форма на името на авт. Елена Алекова е Елена Алекова Христова<br/>За автора: с. 461-462<br/>Изд. на Съюз на тракийските д-ва в България, Тракийски науч. институт, ПК "Тракия", Сдружение Дружба "Родина" |
| 650 #0 - Допълнително описание по предмет – тема | |
| 9 (RLIN) | 272405 |
| Основно описание – тема или топоним | Българомохамедани - история |
| 650 #0 - Допълнително описание по предмет – тема | |
| 9 (RLIN) | 402395 |
| Основно описание – тема или топоним | Историческа политика |
| 700 ## - Други автори (авторска отговорност) | |
| 9 (RLIN) | 402394 |
| Лично име | Марков, Георги Георгиев |
| Автороска отговорност (Описва отношението между автора и произведението) | встъп. думи |
| 999 ## - СИСТЕМНИ КОНТРОЛНИ НОМЕРА | |
| Koha biblionumber | 348751 |
| Koha biblioitemnumber | 348751 |
| 942 ## - АРТИКУЛИ | |
| Вид на библиотечния материал | Книги |
| Скрит в OPAC | Не |
| Периодичен библиозапис | Да |
| 944 ## - СЪЗДАВАНЕ И РЕДАКЦИЯ на ЗАПИСА | |
| Създаване/Редакция | Създаване |
| Дата на регистрацията/редакция | 2020-02-24 |
| Служител, извършил регистрацията/редакцията | В. Р. |
| 999 ## - СИСТЕМНИ КОНТРОЛНИ НОМЕРА | |
| Koha biblioitemnumber | 348751 |
| Код за отписване | Код за изгубен артикул | Източник на класификационната схема | Код за повреда | Коз за рестрикции | Код за отдаване | Артикулен № | Име на библиотеката - собственик | Име на библиотеката, в която се намира в момента | Статус (Текущо местоположение) | Дата на вписване в системата | Местоположение - отдел | Цена в лева | Систематично азбучна сигнатура | Баркод | Цена в евро | Служебен тип на артикула |
|---|---|---|---|---|---|---|---|---|---|---|---|---|---|---|---|---|
| Не е изгубен | Universal Decimal Classification | Не е повреден | само за читалня | ползва се в читалня | 756447 | Регионална библиотека "Любен Каравелов" Русе | Регионална библиотека "Любен Каравелов" Русе | Хранилище | 2020-03-20 | Хранилище | 18.00 | Цб 298920 | 120000843279 | 9.20 | Книги | |
| Не е изгубен | Universal Decimal Classification | Не е повреден | без рестрикции | заемане за дома | 799682 | Регионална библиотека "Любен Каравелов" Русе | Регионална библиотека "Любен Каравелов" Русе | Заемна - подръчен фонд | 2020-09-18 | Заемна - подръчен фонд | 14.40 | 323(497.2)/А 50 Е | 120000846937 | 7.36 | Книги |